Music and morals (Record no. 16128)

MARC details
000 -LEADER
fixed length control field 00616nam a22001817a 4500
008 - FIXED-LENGTH DATA ELEMENTS--GENERAL INFORMATION
fixed length control field 161004b xxu||||| |||| 00| 0 eng d
020 ## - INTERNATIONAL STANDARD BOOK NUMBER
International Standard Book Number 081890660
040 ## - CATALOGING SOURCE
Original cataloging agency KABU
Transcribing agency KABU
050 ## - LIBRARY OF CONGRESS CALL NUMBER
Classification number ML3920
Item number .C65 1993 C.1
100 ## - MAIN ENTRY--PERSONAL NAME
Personal name Cole, Basil
245 ## - TITLE STATEMENT
Title Music and morals
Remainder of title a theological of the moral and psychological effects of music
Statement of responsibility, etc. by Basil Cole
260 ## - PUBLICATION, DISTRIBUTION, ETC. (IMPRINT)
Place of publication, distribution, etc. New York
Name of publisher, distributor, etc. Alba house
Date of publication, distribution, etc. 1993
300 ## - PHYSICAL DESCRIPTION
Extent xiv, 158 p.
650 ## - SUBJECT ADDED ENTRY--TOPICAL TERM
Source of heading or term Music
General subdivision Moral and ethical aspects
650 ## - SUBJECT ADDED ENTRY--TOPICAL TERM
Source of heading or term Music
General subdivision Religion aspects
650 ## - SUBJECT ADDED ENTRY--TOPICAL TERM
Source of heading or term Music
General subdivision Psychological aspects
942 ## - ADDED ENTRY ELEMENTS (KOHA)
Source of classification or shelving scheme Library of Congress Classification
Koha item type General Collection
Classification part ML3920 .C65 1993 C.1
Holdings
Withdrawn status Lost status Source of classification or shelving scheme Not for loan Home library Current library Shelving location Date acquired Cost, normal purchase price Total Checkouts Full call number Barcode Date last seen Date last checked out Copy number Price effective from Koha item type
    Library of Congress Classification   Kabarak, Main Campus Kabarak, Main Campus General Stacks 04/10/2016 912.90 1 ML3920 .C65 1993 C.1 026892 12/04/2024 02/04/2024 C.1 04/10/2016 General Collection
Designed with assistance from East African Informatics Ltd